2004/2005 yellow pages : Selangor.
| Corporate Author: | |
|---|---|
| Format: | Book |
| Published: |
Kuala Lumpur:
Telekom Publications,
2004.
|
| Subjects: |
| LEADER | 00521cam a2200157 7i4500 | ||
|---|---|---|---|
| 001 | 0000014698 | ||
| 005 | 20041211090000.0 | ||
| 090 | 0 | 0 | |a M 910.259595 |b YEL |
| 110 | 2 | 0 | |a Telekom Malaysia Group |
| 245 | 2 | 0 | |a 2004/2005 yellow pages : |b Selangor. |
| 260 | 0 | 0 | |a Kuala Lumpur: |b Telekom Publications, |c 2004. |
| 300 | # | # | |a 789 p. |
| 650 | 0 | 0 | |a Business -- |x Directories -- |z Selangor, Malaysia |
| 650 | 0 | 0 | |a Selangor, Malaysia -- |x Yellow pages |
| 651 | 0 | 0 | |a Malaysia |
| 999 | |a PNG000091H |b Directories |c Malaysia |e MATRADE Northern Regional Office | ||